000 00263nam a22001097a 4500
082 _a621.381 ELE'S
100 _aSIEMENS
_975515
245 _aELECTROMECHANICAL COMPONENTS FOR ELECTRONIC EQUIPMENT
260 _aUSA
_bSIEMENS
_c1981
300 _a523P
942 _cBK
999 _c580915
_d580915